Mega Quiz geograficzny (Państwa europy) - Statystyki

Ogólne statystyki
  • Ten quiz został rozwiązany 56 razy
    43 od ostatniego zresetowania
  • Średni wynik to 39 z 46
Statystyki odpowiedzi
€uropa Państwo % Poprawnych
1 Albania
94%
11 Czechy
94%
15 Francja
94%
31 Norwegia
94%
32 Polska
94%
38 Słowacja
94%
41 Szwecja
94%
14 Finlandia
91%
23 Litwa
91%
30 Niemcy
91%
45 Wielka Brytania
91%
2 Andora
89%
4 Belgia
89%
8 Chorwacja
89%
13 Estonia
89%
17 Hiszpania
89%
19 Irlandia
89%
20 Islandia
89%
22 Liechtenstein
89%
25 Łotwa
89%
24 Luksemburg
89%
27 Malta
89%
34 Rosja
89%
40 Szwajcaria
89%
42 Ukraina
89%
46 Włochy
89%
5 Białoruś
86%
33 Portugalia
86%
43 Watykan
86%
44 Węgry
86%
18 Holandia
83%
39 Słowenia
83%
3 Austria
80%
7 Bułgaria
80%
10 Czarnogóra
80%
21 Kosowo
80%
26 Macedonia Północna
80%
36 San marino
80%
16 Grecja
77%
35 Rumunia
77%
12 Dania
74%
28 Mołdawia
74%
29 Monako
74%
37 Serbia
74%
6 Bośnia i Hercegowina
66%
9 Cypr
57%
Nie znaleziono quizów pasujących do podanych kryteriów
Rozkład punktacji
Procent ludzi z każdym wynikiem
Percentyl według liczby udzielonych odpowiedzi
Twoja historia wyników
Nie rozwiązałeś tego quizu od ostatniego zresetowania